| 000 | 01218cam a22003494a 4500 | ||
|---|---|---|---|
| 001 | 5785 | ||
| 003 | FISKH | ||
| 005 | 20250122104639.0 | ||
| 008 | 050811s2006 flua j b 001 0 eng | ||
| 010 | _a 2005023376 | ||
| 020 | _a1595154388 (hardcover) | ||
| 020 | _a9781606947937 | ||
| 040 |
_aDLC _cDLC _dDLC _beng |
||
| 050 | _aQL637.A5 | ||
| 082 | _a597.43 | ||
| 100 | 1 | _aStone, Lynn M. | |
| 245 | 1 | 0 |
_aEels / _cLynn M. Stone. |
| 260 |
_aFlorida : _bRourke Publishing, _c2006. |
||
| 300 |
_a24 pages : _bcolor illustrations ; _c19 x 20 cm |
||
| 440 | 0 | _aRourke discovery library | |
| 490 | 1 | _aMarine life | |
| 500 | _aEels -- What eels look like -- Where eels live -- Predator and prey -- The eel's life cycle -- Eels and people. | ||
| 504 | _aIncludes bibliographical references (p. 24). | ||
| 505 | 0 | _aK | |
| 520 | _aPresents an introduction to eels, in simple text with illustrations, including information on their physical characteristics, habitat, behavior, and life cycle. | ||
| 521 | 8 |
_a510
_bLexile estimate |
|
| 521 | 8 |
_aK
_bRaz-Plus |
|
| 650 | 0 |
_aEels _vJuvenile literature. |
|
| 906 |
_a7 _bcbc _corignew _d1 _eecip _f20 _gy-gencatlg |
||
| 942 |
_2ddc _cBK _n0 |
||
| 999 |
_c5785 _d5785 |
||